Statistics for 2016/17 Tottenham Hotspur squad

Click here to take the quiz!

General Stats

  • This quiz has been taken 101 times
  • The average score is 17 of 26

Answer Stats

#PositionAnswer% Correct
10STHarry KANE
100%
1GKHugo LLORIS
99%
7LMHeung-min SON
95%
3LBDanny ROSE
91%
20CAMDele ALLI
87%
23CAMChristian ERIKSEN
86%
5CBJan VERTONGHEN
86%
15CDMEric DIER
85%
11RMErik LAMELA
85%
2RBKyle WALKER
85%
13GKMichel VORM
82%
4CBToby ALDERWEIRELD
80%
16RBKieran TRIPPIER
77%
33LBBen DAVIES
75%
19CMMousa DEMBELE
75%
12CDMVictor WANYAMA
73%
29CMHarry WINKS
67%
17RMMoussa SISSOKO
67%
9STVincent JANSSEN
57%
27CBKevin WIMMER
41%
14LMGeorges-Kévin NKOUDOU
34%
38CBCameron CARTER-VICKERS
27%
25CAMJosh ONOMAH
27%
30GKPau LOPEZ
23%
28CMTom CARROLL
19%
39STShayon HARRISON
5%

Score Distribution

Percentile by Number Answered

Percent of People with Each Score

Your Score History

You have not taken this quiz